1681 1919 1304 1524 1229 1160 1122 1428 1267 1882 1005 1761 1760 1156 1896 1144 1662 1895 1935 1870 1775 1991 1765 1473 1796 1826 1776 1383 1128 1853 1940 1600 1059 1567 1912 1158 1466 1583 1568 1263 1411 1164 1675 1722 1087 1826 1572 1627 1921 1625 1631 1518 1933 1328 1158 1864 1679 1756 1576 1156 1051 1689 1408 1254 1510 1160 1664 1237 1780 1096 1156 1508 1990 1189 1741 1228 1327 1415 1233 1063 1549 1884 1902 1809 1687 1620 1866 1680 1391 1420 1213 1924 1565 1275 1008 1541 1561 1770 1546 BCNSPRNW ULIB Ver.6.0+V

เปลี่ยนเป็นภาษาไทย

Change to English
 แสดงรายละเอียดบรรณานุกรม
  กลับหน้าหลัก

Brief Record : Get Marc (ISO 2709) : E-mail record : QR code < ปิดหน้าต่าง
LEADER : 00000nam 2200000uu 4500
001    13399122926
003     ULIB
008    131030s2003||||th 000 0 eng d
020    ^a9241545879
060  4 ^aWQ300^bM266
245 00 ^aManaging complications in pregnancy and childbirth :^ba guide for midwives and doctors /^cWorld Health Organization, Dept. of Reproductive Health and Research
246 30 At head of title :^aIntegrated management of pregnancy and childbirth
260    ^aGeneva :^bWorld Health Organization, Dept. of Reproductive Health and Research,^c2003
500    ^aSend to Single Search
650  0 ^aPregnancy^vHandbooks, manuals, etc
650  0 ^aChildbirth^vHandbooks, manuals, etc
650  2 ^aPregnancy Complications^xdiagnosis^vHandbooks
650  2 ^aDelivery, Obstetric^xmethods^vHandbooks
650  2 ^aLabor, Obstetric^vHandbooks
650  2 ^aPregnancy Complications^xtherapy^vHandbooks
710 20 ^aWorld Health Organization.^bReproductive Health and Research
945    ^p0^l0^i034146
999    ^aเกษร โพธิ์สุวรรณ
รายการนี้ยังไม่มีแท็ก
คุณยังไม่ได้ล็อกอิน คุณสามารถมีกิจกรรมร่วมกับเว็บไซต์ได้ แต่ต้องล็อกอินก่อน ::
  ล็อกอิน

รายการสื่อสารสนเทศ

ลำดับที่ ประเภท เลขเรียก/บาร์โค้ด สถานที่ สถานะ
1. วิทยาศาสตร์การแพทย์ และสุขภาพ
วิทยาศาสตร์การแพทย์ และสุขภาพ
WQ300 M266  
  Barcode: 034146
ห้องสมุดวิทยาเขตสวรรค์ประชารักษ์
►หนังสือทั่วไป
บนชั้น

BibComment


ยังไม่เคยถูกคอมเมนท์

คอมเมนท์ทรัพยากรรายการนี้
  คอมเมนท์: Managing complic..


 Copyright 2026. Bcnsprnw @Library